000 00473nam a2200181 i 4500
003 IT-RoINE
005 20201215053436.0
008 201215s1931 sp |||||r|||| 00| | spa d
040 _aIT-RoINE
245 0 0 _aEspigas.
260 _aBarcelona :
_bTip. cat. Casals,
_c1931.
300 _a230 p. :
_bil. ;
_c13 cm.
336 _2rdacontent
_atext
337 _2rdamedia
_aunmediated
338 _2rdacarrier
_avolume
650 4 _94218
_aLiteratura de devoción
942 _cMTS
999 _c35643
_d35643